El lienzo de Tlaxcala (Record no. 185)

MARC details
000 -CABECERA
campo de control de longitud fija 01109nam a2200313 a 4500
001 - NÚMERO DE CONTROL
campo de control BRCA_228
005 - FECHA Y HORA DE LA ÚLTIMA TRANSACCIÓN
campo de control 20190320202927.0
008 - DATOS DE LONGITUD FIJA--INFORMACIÓN GENERAL
campo de control de longitud fija 840525s1983 mx-a---##b---#001-0#spa-#
020 ## - NÚMERO INTERNACIONAL ESTÁNDAR DEL LIBRO
Número Internacional Estándar del Libro 968719300X
040 ## - FUENTE DE LA CATALOGACIÓN
Centro catalogador/agencia de origen DLC
Centro/agencia transcriptor DLC
Centro/agencia modificador DLC
041 ## - CÓDIGO DE LENGUA
Código de lengua del texto/banda sonora o título independiente spaeng
050 #4 - SIGNATURA TOPOGRÁFICA DE LA BIBLIOTECA DEL CONGRESO
Número de clasificación F1219.56
Número de documento/Ítem .L54 1983
245 10 - MENCIÓN DE TÍTULO
Título El lienzo de Tlaxcala
Mención de responsabilidad, etc. editor Mario de la Torre ; textos de Josefina García Quintana, Carlos Martínez Marín.
260 ## - PUBLICACIÓN, DISTRIBUCIÓN, ETC.
Lugar de publicación, distribución, etc. México
Nombre del editor, distribuidor, etc. Cartón y Papel de México
Fecha de publicación, distribución, etc. 1983
300 ## - DESCRIPCIÓN FÍSICA
Extensión 176 p.
Otras características físicas il. (algunas a color)
Dimensiones 49 cm.
440 #0 - MENCIÓN DE SERIE/PUNTO DE ACCESO ADICIONAL--TÍTULO
Título Colección CPM [Cultura y Pasado de México]
9 (RLIN) 779
500 ## - NOTA GENERAL
Nota general Incluye índice onomástico e índice de sitios geográficos
504 ## - NOTA DE BIBLIOGRAFÍA, ETC.
Nota de bibliografía, etc. Bibliografía: p. 176
546 ## - NOTA DE LENGUA/LENGUAJE
Nota de lengua/lenguaje Texto en español e inglés
650 14 - PUNTO DE ACCESO ADICIONAL DE MATERIA--TÉRMINO DE MATERIA
Término de materia o nombre geográfico como elemento de entrada Tlaxcaltecas
9 (RLIN) 780
650 14 - PUNTO DE ACCESO ADICIONAL DE MATERIA--TÉRMINO DE MATERIA
Término de materia o nombre geográfico como elemento de entrada Manuscritos mexicanos
9 (RLIN) 781
650 14 - PUNTO DE ACCESO ADICIONAL DE MATERIA--TÉRMINO DE MATERIA
Término de materia o nombre geográfico como elemento de entrada Pictografía mexicana
9 (RLIN) 782
651 #4 - PUNTO DE ACCESO ADICIONAL DE MATERIA--NOMBRE GEOGRÁFICO
Nombre geográfico México
Subdivisión general Historia
Subdivisión cronológica Conquista, 1519-1540
9 (RLIN) 442
653 0# - TÉRMINO DE INDIZACIÓN--NO CONTROLADO
Término no controlado Códice Tlaxcalteca
700 1# - PUNTO DE ACCESO ADICIONAL--NOMBRE DE PERSONA
Nombre de persona García Quintana, Josefina
9 (RLIN) 783
700 1# - PUNTO DE ACCESO ADICIONAL--NOMBRE DE PERSONA
Nombre de persona Martínez Marín, Carlos
9 (RLIN) 784
700 1# - PUNTO DE ACCESO ADICIONAL--NOMBRE DE PERSONA
Nombre de persona Torre, Mario de la
9 (RLIN) 785
942 ## - ELEMENTOS DE PUNTO DE ACCESO ADICIONAL (KOHA)
Fuente del sistema de clasificación o colocación Library of Congress Classification
Tipo de ítem Koha Libros
Holdings
Estado de retiro Estado de pérdida Estado dañado No para préstamo Localización permanente Ubicación/localización actual Fecha de adquisición Total de préstamos Signatura topográfica completa Código de barras Fecha visto por última vez Precio válido a partir de Tipo de ítem Koha
El ejemplar forma parte de la colección y puede ser consultado según las políticas vigentes.       Biblioteca del Museo Franz Mayer (Rogerio Casas-Alatriste) Biblioteca del Museo Franz Mayer (Rogerio Casas-Alatriste) 25/06/2008   F1219.56 .L54 1983 00291 22/03/2019 22/03/2019 Libros